[Event "Colonia de Sant Jordi 2nd"]
[Site "Colonia de Sant Jordi"]
[Date "2023.06.11"]
[Round "3"]
[White "Szwed, Jacek"]
[Black "Macias Pino, Diego"]
[Result "1/2-1/2"]
[WhiteElo "2355"]
[BlackElo "2408"]
[PlyCount "172"]
[EventDate "2023.06.09"]
[EventType "tourn"]
[EventRounds "9"]
[EventCountry "ESP"]
[EventCategory "7"]
[SourceTitle "CBM 214 Extra"]
[Source "ChessBase"]
[SourceDate "2023.07.31"]
[SourceVersion "1"]
[SourceVersionDate "2023.07.31"]
[SourceQuality "1"]

1. e4 c6 2. d4 d5 3. Nd2 dxe4 4. Nxe4 Nf6 5. Nxf6+ exf6 6. c3 Bd6 7. Bd3 0-0 8. Ne2 Re8 9. 0-0 Na6 10. b3 Nc7 11. c4 Bg4 12. Qc2 Bxe2 13. Bxe2 Ne6 14. Bb2 Qa5 15. g3 c5 16. dxc5 Be5 17. Bf3 Nxc5 18. Rfd1 Rac8 19. a3 Qb6 20. b4 Ne6 21. Bd5 a5 22. Rab1 Nd8 23. Qf5 Rc7 24. Bc1 axb4 25. Be3 Qa6 26. axb4 b5 27. cxb5 Qxb5 28. Qd3 Qb8 29. b5 Ne6 30. Bc6 Rd8 31. Qe4 Rxd1+ 32. Rxd1 Nd8 33. f4 Nxc6 34. bxc6 Bc3 35. Qd3 Bb4 36. Qd8+ Qxd8 37. Rxd8+ Bf8 38. Bc5 h5 39. Rxf8+ Kh7 40. Bd4 Kg6 41. Kg2 Rxc6 42. Kf3 f5 43. Re8 Rc4 44. Bb2 Rb4 45. Bc3 Rb3 46. Re3 Rb1 47. Re2 f6 48. Ke3 Rb8 49. Kd3 Rh8 50. Bd4 h4 51. Ke3 hxg3 52. hxg3 Rb8 53. Kf3 Ra8 54. Re7 Rb8 55. Rd7 Ra8 56. Rc7 Rb8 57. g4 Rb3+ 58. Bc3 fxg4+ 59. Kxg4 Rb5 60. Bd4 Rb8 61. Bc5 Ra8 62. Rb7 Rc8 63. Bb4 Ra8 64. f5+ Kh6 65. Bd2+ Kh7 66. Kh5 Ra2 67. Rd7 Rb2 68. Bc3 Rb5 69. Kg4 Kh6 70. Bd2+ Kh7 71. Be3 Kg8 72. Kh5 Kh7 73. Kg4 Kg8 74. Bf4 Kh7 75. Bd6 Rd5 76. Rd8 Rd4+ 77. Kf3 Rd5 78. Ke4 Rd1 79. Rd7 Rd2 80. Rd8 Rd1 81. Kf4 Rd4+ 82. Kg3 Rd1 83. Kg4 Rd4+ 84. Kh5 Rd5 85. Kg4 Rd4+ 86. Kf3 Rd5 1/2-1/2

[Event "EU-ch 23rd"]
[Site "Vrnjacka Banja"]
[Date "2023.03.07"]
[Round "5"]
[White "Szwed, Jacek"]
[Black "Vujcic, Milena"]
[Result "1-0"]
[WhiteElo "2361"]
[BlackElo "2072"]
[PlyCount "53"]
[EventDate "2023.03.03"]
[EventType "swiss"]
[EventRounds "11"]
[EventCountry "SRB"]
[SourceTitle "CBM 213"]
[Source "ChessBase"]
[SourceDate "2023.04.30"]
[SourceVersion "1"]
[SourceVersionDate "2023.04.30"]
[SourceQuality "1"]

1. e4 e5 2. Nf3 Nc6 3. d4 exd4 4. Nxd4 Nf6 5. Nxc6 bxc6 6. Bd3 d5 7. exd5 cxd5 8. 0-0 Be7 9. c4 d4 10. Nd2 0-0 11. Ne4 Bb7 12. Nxf6+ Bxf6 13. b4 a5 14. bxa5 Rxa5 15. Bd2 Ra8 16. a4 Qd6 17. Rb1 Qc6 18. Qg4 Rxa4 19. Rxb7 Qxb7 20. Qf5 g6 21. Qxf6 Ra6 22. Qxd4 Rd6 23. Qc3 Rfd8 24. Bh6 f6 25. Be2 Qe4 26. c5 Rd4 27. Be3 1-0

[Event "EU-ch 23rd"]
[Site "Vrnjacka Banja"]
[Date "2023.03.06"]
[Round "4"]
[White "Babazada, Khazar Araz"]
[Black "Szwed, Jacek"]
[Result "1-0"]
[WhiteElo "2481"]
[BlackElo "2361"]
[PlyCount "73"]
[EventDate "2023.03.03"]
[EventType "swiss"]
[EventRounds "11"]
[EventCountry "SRB"]
[SourceTitle "CBM 213"]
[Source "ChessBase"]
[SourceDate "2023.04.30"]
[SourceVersion "1"]
[SourceVersionDate "2023.04.30"]
[SourceQuality "1"]

1. Nf3 d5 2. g3 Nf6 3. Bg2 e6 4. 0-0 Be7 5. c4 0-0 6. d4 dxc4 7. Qc2 a6 8. a4 Bd7 9. Qxc4 Bc6 10. Bf4 Bd6 11. Nc3 a5 12. Bg5 Bb4 13. Qd3 Nbd7 14. Rfe1 h6 15. Bxf6 Nxf6 16. e4 b6 17. Ne5 Bb7 18. Red1 Qe7 19. Na2 Rfd8 20. Qc2 c5 21. Nxb4 axb4 22. dxc5 Rxd1+ 23. Rxd1 Qxc5 24. Qxc5 bxc5 25. f3 Rxa4 26. Rd8+ Kh7 27. Nxf7 Ra1+ 28. Kf2 Ra2 29. Rh8+ Kg6 30. Ne5+ Kh5 31. h4 Rxb2+ 32. Kg1 Ba6 33. Bh3 Rb1+ 34. Kf2 Nxe4+ 35. fxe4 Rb2+ 36. Ke3 Re2+ 37. Kf3 1-0

[Event "EU-ch 23rd"]
[Site "Vrnjacka Banja"]
[Date "2023.03.03"]
[Round "1"]
[White "Szwed, Jacek"]
[Black "Anton Guijarro, David"]
[Result "0-1"]
[WhiteElo "2361"]
[BlackElo "2685"]
[PlyCount "112"]
[EventDate "2023.03.03"]
[EventType "swiss"]
[EventRounds "11"]
[EventCountry "SRB"]
[SourceTitle "CBM 213"]
[Source "ChessBase"]
[SourceDate "2023.04.30"]
[SourceVersion "1"]
[SourceVersionDate "2023.04.30"]
[SourceQuality "1"]

1. e4 c5 2. Nf3 Nc6 3. Bb5 e6 4. 0-0 Nge7 5. c3 a6 6. Ba4 b5 7. Bc2 Bb7 8. Re1 g6 9. d4 cxd4 10. cxd4 Bg7 11. d5 Na5 12. d6 Nec6 13. Nbd2 g5 14. Nb3 Nxb3 15. Bxb3 g4 16. Nd2 h5 17. e5 Nxe5 18. Ne4 Bxe4 19. Rxe4 f5 20. Re2 0-0 21. a4 Qf6 22. Bd2 Ng6 23. Bc3 Qg5 24. Bxg7 Kxg7 25. Rc2 bxa4 26. Rxa4 Rf7 27. Qd4+ Qf6 28. Qb6 Qe5 29. Bc4 Rc8 30. Ra1 Rc6 31. Qb4 Rxd6 32. Bxa6 Qd4 33. Qxd4+ Rxd4 34. Rb1 Rb4 35. Rc4 Rb6 36. Ra4 d5 37. Bf1 Rb3 38. Ra6 Kf6 39. Re1 Re7 40. Re2 Ne5 41. Rd2 Rd7 42. Be2 h4 43. Kf1 h3 44. g3 d4 45. Ra4 d3 46. Bd1 Rb6 47. b3 Rc7 48. Rd4 Rc3 49. f3 gxf3 50. Kf2 Ra6 51. Ke3 Ra1 52. Bxf3 Re1+ 53. Kf2 Rcc1 54. R2xd3 Rf1+ 55. Ke2 Rce1+ 56. Kd2 Rxf3 0-1

[Event "POL-ch sf"]
[Site "Karpacz"]
[Date "2022.12.07"]
[Round "5"]
[White "Szwed, Jacek"]
[Black "Goluch, Piotr"]
[Result "0-1"]
[WhiteElo "2381"]
[BlackElo "2345"]
[PlyCount "66"]
[EventDate "2022.12.03"]
[EventType "swiss"]
[EventRounds "9"]
[EventCountry "POL"]
[SourceTitle "CBM 211 Extra"]
[Source "ChessBase"]
[SourceDate "2023.01.31"]
[SourceVersion "1"]
[SourceVersionDate "2023.01.31"]
[SourceQuality "1"]

1. e4 c6 2. d4 d5 3. Nd2 dxe4 4. Nxe4 Bf5 5. Ng3 Bg6 6. h4 h6 7. Nf3 e6 8. Ne5 Bh7 9. Bd3 Bxd3 10. Qxd3 Nd7 11. Qe2 Ngf6 12. Bd2 Be7 13. 0-0-0 0-0 14. Kb1 Qc7 15. Bf4 Nd5 16. Bc1 b5 17. Nh5 N7f6 18. Rh3 Nxh5 19. Qxh5 Nf6 20. Qf3 c5 21. Rg3 cxd4 22. Ng4 Rfc8 23. Nxh6+ Kf8 24. Qd3 gxh6 25. Bxh6+ Ke8 26. Qxb5+ Qc6 27. Qe2 Qc4 28. Rgd3 Nd5 29. Qd2 Nb4 30. Rb3 a5 31. Qxd4 Qxc2+ 32. Ka1 Nd5 33. Rb7 Bf6 0-1

[Event "Brno IM 11th"]
[Site "Brno"]
[Date "2022.11.16"]
[Round "5"]
[White "Szwed, Jacek"]
[Black "Flasik, Radoslav"]
[Result "1-0"]
[WhiteElo "2379"]
[BlackElo "2122"]
[PlyCount "54"]
[EventDate "2022.11.12"]
[EventType "tourn"]
[EventRounds "9"]
[EventCountry "CZE"]
[EventCategory "2"]
[SourceTitle "CBM 211 Extra"]
[Source "ChessBase"]
[SourceDate "2023.01.31"]
[SourceVersion "1"]
[SourceVersionDate "2023.01.31"]
[SourceQuality "1"]

1. e4 c5 2. Nf3 d6 3. d4 cxd4 4. Nxd4 Nf6 5. Nc3 Nc6 6. Nde2 e6 7. g3 Be7 8. Bg2 0-0 9. 0-0 Bd7 10. h3 a6 11. g4 b5 12. Ng3 b4 13. Nce2 h6 14. b3 Rc8 15. a3 d5 16. axb4 Nxe4 17. Nxe4 dxe4 18. c3 Ne5 19. Bxe4 Bb5 20. c4 Bc6 21. Ng3 Bxb4 22. Rxa6 Bxe4 23. Nxe4 Qh4 24. Kg2 f5 25. Rxe6 Rcd8 26. Qe2 fxg4 27. Rxe5 Rf3 1-0

[Event "Brno IM 11th"]
[Site "Brno"]
[Date "2022.11.13"]
[Round "2"]
[White "Hoefelsauer, Thomas"]
[Black "Szwed, Jacek"]
[Result "1/2-1/2"]
[WhiteElo "2349"]
[BlackElo "2379"]
[PlyCount "82"]
[EventDate "2022.11.12"]
[EventType "tourn"]
[EventRounds "9"]
[EventCountry "CZE"]
[EventCategory "2"]
[SourceTitle "CBM 211 Extra"]
[Source "ChessBase"]
[SourceDate "2023.01.31"]
[SourceVersion "1"]
[SourceVersionDate "2023.01.31"]
[SourceQuality "1"]

1. d4 d5 2. Nf3 Nf6 3. c4 dxc4 4. e3 e6 5. Bxc4 a6 6. 0-0 c5 7. dxc5 Bxc5 8. Qxd8+ Kxd8 9. a3 Ke7 10. b4 Bd6 11. Bb2 b5 12. Be2 Bb7 13. Nbd2 Nbd7 14. Nb3 Bd5 15. Nfd4 Nb6 16. Na5 Rhc8 17. Rac1 Ne4 18. Ndc6+ Kd7 19. Ne5+ Ke8 20. f3 Nd2 21. Rfd1 Rxc1 22. Rxc1 Rc8 23. Rxc8+ Nxc8 24. e4 Ba2 25. Nd3 f6 26. Nc5 Bxc5+ 27. bxc5 Nc4 28. Nxc4 Bxc4 29. Bxc4 bxc4 30. Kf2 Kd7 31. a4 Ne7 32. Ke3 Nc6 33. Kd2 Nb4 34. Bd4 Nd3 35. Kc3 Ne1 36. Kxc4 Nxg2 37. Bf2 Nf4 38. Bg3 Ne2 39. Bf2 Nf4 40. Bg3 Ne2 41. Bf2 Nf4 1/2-1/2

[Event "Heraklion Fischer Memorial 8th"]
[Site "Heraklion"]
[Date "2022.04.29"]
[Round "5"]
[White "Materia, Marco"]
[Black "Szwed, Jacek"]
[Result "1-0"]
[WhiteElo "2398"]
[BlackElo "2360"]
[PlyCount "59"]
[EventDate "2022.04.25"]
[EventType "tourn"]
[EventRounds "9"]
[EventCountry "GRE"]
[EventCategory "6"]
[SourceTitle "CBM 208 Extra"]
[Source "ChessBase"]
[SourceDate "2022.07.31"]
[SourceVersion "1"]
[SourceVersionDate "2022.07.31"]
[SourceQuality "1"]

1. d4 Nf6 2. c4 e6 3. Nf3 d5 4. Nc3 c5 5. cxd5 Nxd5 6. g3 cxd4 7. Nxd5 Qxd5 8. Qxd4 Nc6 9. Qxd5 exd5 10. Bg2 Be7 11. Bg5 Bf5 12. 0-0 Be4 13. Bxe7 Kxe7 14. Rfd1 Rac8 15. Rac1 Rhd8 16. Bh3 Rc7 17. Nd4 a6 18. f3 Bg6 19. Kf2 Rd6 20. Rc5 Rd8 21. b4 Kd6 22. Nxc6 bxc6 23. e4 Rb8 24. a3 Rbb7 25. exd5 cxd5 26. Rcxd5+ Ke7 27. Re1+ Kf6 28. Rd6+ Kg5 29. f4+ Kh5 30. f5 1-0

[Event "Heraklion Fischer Memorial 8th"]
[Site "Heraklion"]
[Date "2022.04.28"]
[Round "4"]
[White "Szwed, Jacek"]
[Black "Nikolaidis, Ioannis"]
[Result "1-0"]
[WhiteElo "2360"]
[BlackElo "2536"]
[PlyCount "111"]
[EventDate "2022.04.25"]
[EventType "tourn"]
[EventRounds "9"]
[EventCountry "GRE"]
[EventCategory "6"]
[SourceTitle "CBM 208 Extra"]
[Source "ChessBase"]
[SourceDate "2022.07.31"]
[SourceVersion "1"]
[SourceVersionDate "2022.07.31"]
[SourceQuality "1"]

1. e4 c6 2. d4 d5 3. Nd2 dxe4 4. Nxe4 Nf6 5. Nxf6+ exf6 6. c3 Bd6 7. Bd3 Na6 8. Ne2 Nc7 9. Qc2 h5 10. 0-0 Kf8 11. c4 h4 12. h3 Ne6 13. Be3 g6 14. Rad1 Ng7 15. d5 c5 16. b4 b6 17. bxc5 bxc5 18. Bf4 Nh5 19. Be3 Ng7 20. Bc1 Nf5 21. Qd2 Bc7 22. Nc3 Qd6 23. f4 Ba5 24. Bxf5 Bxf5 25. Nb5 Bxd2 26. Nxd6 Bxc1 27. Rxc1 Ke7 28. Nb7 Rhc8 29. Rfe1+ Kd7 30. Re3 Re8 31. Nxc5+ Kd6 32. Nb7+ Kc7 33. Rb3 Re2 34. Nc5 Kd6 35. Nb7+ Kc7 36. Kf1 Rc2 37. Rxc2 Bxc2 38. Rc3 Bf5 39. Nc5 Kd6 40. Nb7+ Kc7 41. Na5 Kd6 42. Rb3 Kc5 43. Rb5+ Kd4 44. d6 Be4 45. Kf2 a6 46. Rb2 Rd8 47. Rd2+ Kc5 48. Nb3+ Kc6 49. c5 a5 50. Ke3 f5 51. Kd4 Ra8 52. Kc4 Kd7 53. a4 Bc6 54. Re2 Kd8 55. Nd4 Bxa4 56. c6 1-0

[Event "Heraklion Fischer Memorial 8th"]
[Site "Heraklion"]
[Date "2022.04.27"]
[Round "3"]
[White "Szwed, Jacek"]
[Black "Korneev, Oleg"]
[Result "1/2-1/2"]
[WhiteElo "2360"]
[BlackElo "2521"]
[PlyCount "110"]
[EventDate "2022.04.25"]
[EventType "tourn"]
[EventRounds "9"]
[EventCountry "GRE"]
[EventCategory "6"]
[SourceTitle "CBM 208 Extra"]
[Source "ChessBase"]
[SourceDate "2022.07.31"]
[SourceVersion "1"]
[SourceVersionDate "2022.07.31"]
[SourceQuality "1"]

1. e4 e5 2. Nf3 Nc6 3. Nc3 Nf6 4. d4 exd4 5. Nxd4 Bb4 6. Nxc6 bxc6 7. Bd3 0-0 8. 0-0 d5 9. exd5 Bg4 10. f3 Bh5 11. dxc6 Qd4+ 12. Kh1 Bxc3 13. bxc3 Qxc3 14. Bf4 Qxc6 15. Qe2 a6 16. Qe5 Bg6 17. Qxc7 Qxc7 18. Bxc7 Rfc8 19. Ba5 Rc5 20. Bb4 Bxd3 21. cxd3 Rb5 22. Ba3 Rd8 23. Rac1 h6 24. Rfd1 Ra5 25. Be7 Rd7 26. Rc8+ Kh7 27. Bxf6 gxf6 28. Rc2 Rd4 29. Kg1 Ra3 30. Rcd2 Rda4 31. d4 Rxa2 32. Rxa2 Rxa2 33. d5 Rb2 34. d6 Rb8 35. Kf2 Kg6 36. Rd5 Kg7 37. d7 Rd8 38. Rd6 a5 39. Ke3 a4 40. Kd4 a3 41. Kc3 Kf8 42. Rxf6 Rxd7 43. Ra6 Re7 44. Kd2 Rb7 45. Ke3 Rb2 46. Rxa3 Rxg2 47. h4 Rh2 48. Ra4 f6 49. Rf4 Kg7 50. Ke4 Kg6 51. Rg4+ Kf7 52. Kf5 Rf2 53. Kf4 Rh2 54. Kg3 Rh1 55. Kg2 Ra1 1/2-1/2

[Event "EU-ch 22nd"]
[Site "Terme Catez"]
[Date "2022.04.01"]
[Round "6"]
[White "Gavrilescu, David"]
[Black "Szwed, Jacek"]
[Result "1-0"]
[WhiteElo "2512"]
[BlackElo "2357"]
[PlyCount "83"]
[EventDate "2022.03.27"]
[EventType "swiss"]
[EventRounds "11"]
[EventCountry "SLO"]
[SourceTitle "CBM 208"]
[Source "ChessBase"]
[SourceDate "2022.06.30"]
[SourceVersion "1"]
[SourceVersionDate "2022.06.30"]
[SourceQuality "1"]

1. e4 e5 2. Nf3 Nf6 3. Nxe5 d6 4. Nf3 Nxe4 5. Nc3 Nxc3 6. dxc3 Be7 7. Be3 0-0 8. Qd2 Nd7 9. 0-0-0 c6 10. Kb1 d5 11. h4 Re8 12. Bd3 Bc5 13. Bd4 Bxd4 14. cxd4 Nf6 15. Rde1 Ne4 16. Qf4 Qf6 17. Qxf6 Nxf6 18. Ne5 Ng4 19. Nxc6 Be6 20. Ne5 Nxf2 21. Rhf1 Ne4 22. Kc1 f6 23. Nc4 Ng3 24. Nd6 Nxf1 25. Nxe8 Rxe8 26. Rxf1 Bf7 27. Kd2 Bg6 28. b3 Be4 29. g3 Re6 30. c4 Bxd3 31. Kxd3 dxc4+ 32. bxc4 Ra6 33. d5 Ra3+ 34. Kd4 Rxa2 35. d6 Re2 36. Ra1 Kf7 37. Rxa7 Ke6 38. c5 Rb2 39. Ra8 b6 40. Re8+ Kf7 41. Rc8 bxc5+ 42. Kc3 1-0

[Event "EU-ch 22nd"]
[Site "Terme Catez"]
[Date "2022.03.31"]
[Round "5"]
[White "Szwed, Jacek"]
[Black "Maurizzi, Marc Andria"]
[Result "1-0"]
[WhiteElo "2357"]
[BlackElo "2493"]
[PlyCount "111"]
[EventDate "2022.03.27"]
[EventType "swiss"]
[EventRounds "11"]
[EventCountry "SLO"]
[SourceTitle "CBM 208"]
[Source "ChessBase"]
[SourceDate "2022.06.30"]
[SourceVersion "1"]
[SourceVersionDate "2022.06.30"]
[SourceQuality "1"]

1. e4 c5 2. Nf3 Nc6 3. d4 cxd4 4. Nxd4 Nf6 5. Nc3 d6 6. Bg5 e6 7. Bb5 Bd7 8. Bxc6 bxc6 9. 0-0 Be7 10. e5 dxe5 11. Nf3 Qc7 12. Re1 Bd6 13. Bxf6 gxf6 14. Nd2 h5 15. Nc4 Be7 16. Qf3 0-0-0 17. b4 c5 18. b5 Qb7 19. Ne4 Be8 20. Rad1 Bxb5 21. Rb1 Qa6 22. Ned6+ Bxd6 23. Nxd6+ Qxd6 24. Rxb5 Qd5 25. Qa3 Kd7 26. Qxa7+ Ke8 27. Rb7 Rd7 28. Rxd7 Qxd7 29. Qxc5 Qe7 30. Qc6+ Kf8 31. Re3 h4 32. h3 Kg7 33. Qe4 Rh6 34. Rb3 Qd6 35. Rd3 Qc5 36. Rd7 f5 37. Qb7 Rf6 38. Qc7 Qb5 39. a3 Qb1+ 40. Kh2 Qe1 41. Qc5 Qe4 42. Qb4 Qa8 43. Qxh4 Rg6 44. f3 Qxa3 45. Rd8 Rh6 46. Qg5+ Rg6 47. Qh4 Rh6 48. Qg3+ Kf6 49. Rg8 Qe3 50. Qg7+ Ke7 51. Qf8+ Kd7 52. Qxf7+ Kc6 53. Rc8+ Kb6 54. Qc7+ Ka6 55. Qc4+ Kb6 56. Rc6+ 1-0

[Event "EU-ch 22nd"]
[Site "Terme Catez"]
[Date "2022.03.27"]
[Round "1"]
[White "Szwed, Jacek"]
[Black "Ter Sahakyan, Samvel"]
[Result "0-1"]
[WhiteElo "2357"]
[BlackElo "2632"]
[PlyCount "128"]
[EventDate "2022.03.27"]
[EventType "swiss"]
[EventRounds "11"]
[EventCountry "SLO"]
[SourceTitle "CBM 208"]
[Source "ChessBase"]
[SourceDate "2022.06.30"]
[SourceVersion "1"]
[SourceVersionDate "2022.06.30"]
[SourceQuality "1"]

1. e4 c5 2. Nf3 d6 3. Bb5+ Nd7 4. d4 cxd4 5. Qxd4 a6 6. Bxd7+ Bxd7 7. 0-0 Nf6 8. Bg5 e6 9. Nbd2 Bc6 10. Nc4 h6 11. Bh4 Bxe4 12. Bxf6 Qxf6 13. Qxe4 d5 14. Qe2 dxc4 15. Qxc4 Be7 16. Qa4+ b5 17. Qe4 0-0 18. Ne5 Rfd8 19. Nc6 Rd5 20. Rad1 Bf8 21. c3 Rc8 22. Nb4 Bxb4 23. Qxb4 Rc4 24. Qb3 Rg5 25. Rd3 h5 26. Qd1 g6 27. h3 Kg7 28. Qe2 Re5 29. Re3 Rf5 30. Rd1 Rcf4 31. f3 Qe7 32. Re4 Qc5+ 33. Kh1 Rxe4 34. Qxe4 Re5 35. Qd4 Qxd4 36. Rxd4 Re2 37. Rb4 g5 38. h4 gxh4 39. Kh2 Kg6 40. a4 bxa4 41. Rxa4 Rxb2 42. Rxa6 Rc2 43. Rc6 Rc1 44. Rc8 Kg5 45. Rf8 f6 46. Re8 e5 47. Rc8 f5 48. Rc4 Re1 49. Ra4 Re3 50. Rc4 Rd3 51. Kg1 h3 52. gxh3 Rxf3 53. h4+ Kf6 54. Rc6+ Ke7 55. Rh6 Rxc3 56. Rxh5 Ke6 57. Kg2 f4 58. Rg5 e4 59. h5 Rc2+ 60. Kg1 e3 61. h6 Rc1+ 62. Kg2 e2 63. h7 e1Q 64. Rg6+ Kd5 0-1

[Event "CZE-chT2F 2122"]
[Site "Czech Republic"]
[Date "2022.03.20"]
[Round "10.1"]
[White "Szwed, Jacek"]
[Black "Sobek, Jaroslav"]
[Result "1-0"]
[WhiteElo "2357"]
[BlackElo "2175"]
[PlyCount "119"]
[EventDate "2021.10.17"]
[EventType "team-tourn"]
[EventRounds "11"]
[EventCountry "CZE"]
[SourceTitle "EXT 2024"]
[Source "ChessBase"]
[SourceDate "2023.10.10"]
[SourceVersion "1"]
[SourceVersionDate "2023.10.10"]
[SourceQuality "1"]
[WhiteTeam "Trinec II"]
[BlackTeam "Karvina"]
[WhiteTeamCountry "CZE"]
[BlackTeamCountry "CZE"]

1. e4 c6 2. d4 d5 3. Nd2 dxe4 4. Nxe4 Nf6 5. Nxf6+ exf6 6. c3 Bd6 7. Bd3 Na6 8. Ne2 Nc7 9. Qc2 Be6 10. Nf4 h5 11. 0-0 h4 12. Nxe6 Nxe6 13. Re1 Bc7 14. Bf5 Qd6 15. g3 hxg3 16. fxg3 0-0-0 17. Qb3 Rhe8 18. Bf4 Qd5 19. Bxc7 Kxc7 20. Qxd5 cxd5 21. h4 Kd6 22. a4 a5 23. Kf2 g6 24. Bd3 f5 25. Rh1 Ng7 26. Be2 Re7 27. h5 Rde8 28. Bb5 Rg8 29. hxg6 fxg6 30. Rh6 Nh5 31. Bd3 Re6 32. Rh7 Rg7 33. Rxg7 Nxg7 34. Ra3 Ne8 35. Rb3 Kc7 36. Rb5 Nf6 37. Rxa5 Ng4+ 38. Kg2 Re3 39. Rc5+ Kd6 40. Bb5 Nf6 41. Rc8 Ne4 42. Rd8+ Ke6 43. Re8+ Kf6 44. Kh2 Rf3 45. Rb8 Rf2+ 46. Kg1 Rxb2 47. Rxb7 Nxc3 48. Bc6 Ra2 49. Kf1 Ne2 50. Ra7 Nxg3+ 51. Ke1 Re2+ 52. Kd1 Re4 53. a5 Rxd4+ 54. Ke1 Ne4 55. a6 Rc4 56. Rc7 Rc1+ 57. Ke2 Ra1 58. a7 Ra2+ 59. Ke3 g5 60. Bxd5 1-0

[Event "EU-ch Rapid"]
[Site "Katowice"]
[Date "2021.12.19"]
[Round "8"]
[White "Szwed, Jacek"]
[Black "Pultinevicius, Paulius"]
[Result "0-1"]
[WhiteElo "2355"]
[BlackElo "2546"]
[PlyCount "114"]
[EventDate "2021.12.18"]
[EventType "swiss (rapid)"]
[EventRounds "11"]
[EventCountry "POL"]
[SourceTitle "CBM 205 Extra"]
[Source "ChessBase"]
[SourceDate "2022.01.31"]
[SourceVersion "1"]
[SourceVersionDate "2022.01.31"]
[SourceQuality "1"]

1. e4 c6 2. d4 d5 3. Nd2 dxe4 4. Nxe4 Nd7 5. Ng5 Ngf6 6. Bd3 e6 7. Qe2 Bd6 8. N1f3 h6 9. Ne4 Nxe4 10. Qxe4 Qc7 11. Qg4 Kf8 12. 0-0 b6 13. b3 Bb7 14. Bb2 Nf6 15. Qh4 Nd5 16. Rfe1 Nf4 17. Bf1 g5 18. Nxg5 Be7 19. g3 Bxg5 20. Qg4 Nd5 21. c4 Nf6 22. Qf3 Rg8 23. d5 cxd5 24. Bxf6 dxc4 25. Be5 Bxf3 26. Bxc7 Bd2 27. Bd6+ Kg7 28. Bxc4 Bxe1 29. Rxe1 Rgd8 30. Be5+ Kg6 31. Bc3 Rd1 32. Rxd1 Bxd1 33. Kf1 Rd8 34. Kg2 Bc2 35. Bb5 Be4+ 36. f3 Rc8 37. Bc4 Bb1 38. a4 Rd8 39. a5 Bd3 40. axb6 axb6 41. Kf2 Bxc4 42. bxc4 Rd3 43. Be5 h5 44. Ke2 Rb3 45. Bd4 f6 46. h3 e5 47. Be3 Kf7 48. g4 Kg6 49. Kd2 h4 50. Ke2 Rb2+ 51. Bd2 f5 52. Ke3 Rb3+ 53. Kf2 fxg4 54. fxg4 Rxh3 55. Be3 Rxe3 56. Kxe3 h3 57. Kf3 e4+ 0-1

[Event "EU-ch Rapid"]
[Site "Katowice"]
[Date "2021.12.18"]
[Round "4"]
[White "Szwed, Jacek"]
[Black "Smieja, Adam"]
[Result "1-0"]
[WhiteElo "2355"]
[BlackElo "1848"]
[PlyCount "141"]
[EventDate "2021.12.18"]
[EventType "swiss (rapid)"]
[EventRounds "11"]
[EventCountry "POL"]
[SourceTitle "CBM 205 Extra"]
[Source "ChessBase"]
[SourceDate "2022.01.31"]
[SourceVersion "1"]
[SourceVersionDate "2022.01.31"]
[SourceQuality "1"]

1. e4 c5 2. Nf3 Nc6 3. Bb5 a6 4. Bxc6 dxc6 5. h3 Qc7 6. 0-0 e5 7. d3 f6 8. a4 Bd6 9. Nbd2 Ne7 10. Nc4 g5 11. Nxd6+ Qxd6 12. Nd2 h5 13. Nc4 Qc7 14. Be3 b5 15. Nd2 Ng6 16. Bxc5 g4 17. h4 Nxh4 18. d4 Ng6 19. dxe5 Nxe5 20. Nb3 Qg7 21. Bd6 h4 22. Bxe5 fxe5 23. Qd6 h3 24. g3 h2+ 25. Kg2 Bd7 26. Nc5 Rd8 27. Nd3 Qh7 28. Qxe5+ Kf8 29. Qf6+ Ke8 30. Nf4 Qxe4+ 31. f3 gxf3+ 32. Kf2 Qxc2+ 33. Kxf3 Bg4+ 34. Kxg4 Rg8+ 35. Kh4 Qh7+ 36. Nh5 h1Q+ 37. Rxh1 Qe4+ 38. Qf4 Qe7+ 39. Nf6+ Kf7 40. Rhf1 Rh8+ 41. Kg4 Qe6+ 42. Kf3 Rd3+ 43. Kg2 Qh3+ 44. Kf2 Qh2+ 45. Ke1 Qxb2 46. Ne4+ Ke8 47. Qb8+ Ke7 48. Qa7+ Rd7 49. Qc5+ Kd8 50. Qc3 Qxc3+ 51. Nxc3 Re8+ 52. Ne2 Rde7 53. Rf2 Rh8 54. axb5 Rh1+ 55. Rf1 Rh2 56. Rd1+ Kc7 57. b6+ Kxb6 58. Rd2 a5 59. Kd1 a4 60. Nc3 Rxd2+ 61. Kxd2 a3 62. Ra1 Rg7 63. Ne2 Rd7+ 64. Kc2 Re7 65. Nc3 Rg7 66. Rxa3 Kc5 67. Ne4+ Kd5 68. Kd3 Rf7 69. Ra5+ c5 70. Rxc5+ Ke6 71. Ng5+ 1-0

[Event "EU-ch Blitz"]
[Site "Katowice"]
[Date "2021.12.17"]
[Round "21"]
[White "Kaliszuk, Kamil"]
[Black "Szwed, Jacek"]
[Result "1-0"]
[WhiteElo "1886"]
[BlackElo "2355"]
[PlyCount "143"]
[EventDate "2021.12.17"]
[EventType "swiss (blitz)"]
[EventRounds "22"]
[EventCountry "POL"]
[SourceTitle "CBM 205 Extra"]
[Source "ChessBase"]
[SourceDate "2022.01.31"]
[SourceVersion "1"]
[SourceVersionDate "2022.01.31"]
[SourceQuality "1"]

1. e4 e6 2. d4 d5 3. exd5 exd5 4. Bd3 Nc6 5. c3 Bd6 6. h3 Nge7 7. Nf3 Bf5 8. 0-0 0-0 9. Qc2 Bxd3 10. Qxd3 Ng6 11. Na3 a6 12. Nc2 Qf6 13. Bg5 Nf4 14. Bxf4 Qxf4 15. Ne3 Ne7 16. Rfe1 c6 17. Ng4 Nf5 18. Qd2 Qxd2 19. Nxd2 Rfe8 20. Nf3 f6 21. g3 h5 22. Ngh2 Kf7 23. Nf1 g5 24. Rxe8 Rxe8 25. Re1 Rb8 26. Ne3 Nxe3 27. Rxe3 b5 28. Nd2 a5 29. Kf1 a4 30. a3 g4 31. h4 f5 32. Re1 f4 33. Kg2 Rg8 34. gxf4 Bxf4 35. Nf1 Kf6 36. Ng3 Rh8 37. Ne2 Bd6 38. Ng3 Bc7 39. Ne2 Rh7 40. Ng3 Rh8 41. Re2 Bd6 42. Re1 Be7 43. Re5 Kf7 44. Nf5 Bf6 45. Nd6+ Kg6 46. Re6 Kg7 47. Ne8+ Kf7 48. Rxf6+ Kxe8 49. Rxc6 Rf8 50. Rc5 Rf3 51. Rxb5 Rh3 52. Rxd5 Rxh4 53. Re5+ Kd7 54. Re3 Kd6 55. c4 g3 56. fxg3 Rxd4 57. Kh3 Rxc4 58. Re2 Kd5 59. Rd2+ Kc5 60. Rf2 Rc1 61. Rf5+ Kd4 62. Rf4+ Kd3 63. Rxa4 Rb1 64. Rb4 Kc2 65. Kh4 Rh1+ 66. Kg5 Rh3 67. Kf4 Rh1 68. a4 h4 69. Kf3 h3 70. g4 h2 71. Kg2 Rb1 72. Kxh2 1-0